| 000 | 00957nam a22002657a 4500 | ||
|---|---|---|---|
| 005 | 20090720101613.0 | ||
| 008 | 090720t xxu||||| |||| 00| 0 eng d | ||
| 010 | _aENG-94475 | ||
| 020 |
_a8189537369 _c495.00 |
||
| 035 | _aEN-78008 | ||
| 037 | _bDBAD / PUB | ||
| 040 |
_adpl _bEnglish |
||
| 082 | _a371.1 | ||
| 100 | _aRajput, J.S. | ||
| 245 |
_aTeacher preparation for knowledge society / _cby J.S. Rajput (and) O.S. Dewal |
||
| 260 |
_aDelhi _bYash Publications _c2008 |
||
| 270 |
_aX/909, Chand Mohalla, Gandhi Nagar, _bDelhi _e110031 |
||
| 300 |
_a204p. _c23cm(Hb) |
||
| 500 | _aIncludes references | ||
| 650 |
_aTeachers _zIndia |
||
| 650 |
_aEducation _xSocial aspects _zIndia |
||
| 700 | _aDewal, O.S. | ||
| 942 |
_2ddc _cEN _mRAJ _h371.1 |
||
| 999 |
_c28431 _d28431 |
||